Placas de fundación para puentes

Salvato in:
Dettagli Bibliografici
Autore principale: Delgado Murillo, Oscar Enrique
Natura: Sconosciuto
Pubblicazione: [San José, Costa Rica] 1972
Soggetti:
Tags: Aggiungi Tag
Nessun Tag, puoi essere il primo ad aggiungerne!!

MARC

LEADER 00000 a2200000 4500
003 011408
005 20221231143818.0
008 140114s1972 c a m 000 ||s d
040 |c cru CEDI 
090 |a TFG 485 
100 |a Delgado Murillo, Oscar Enrique  |9 18043 
245 |a Placas de fundación para puentes 
260 |c 1972  |a [San José, Costa Rica] 
300 |a  44 hojas : gráficos ilustraciones ; 28 cm  
500 |a Tesis (Ingeniero Civil) Universidad de Costa Rica.  
501 |a  Ed. mimeografiada.  
650 |x CONSTRUCCION DE PUENTES  |9 18044 
942 |c TFG 
999 |c 12368  |d 12368